000 00641nam a22002057a 4500
999 _c9560
_d9560
003 AR-CdUCM
008 190328b ||||| |||| 00| 0 spa d
020 _a978-84-683-1173-9
040 _aMUNICIPALIDAD PROVINCIAL DEL CUSCO
_cBIBLIOTECA MUNICIPAL DEL CUSCO
082 _aSI-0093 /
_bITU / isl
100 _aIturbe, Antonio G.
_925839
245 _aLa isla de Susu :
_b¡ Silencio, se rueda ! /
260 _aBarcelona :
_bEdebé,
_c2014.
300 _a85 páginas ;
_bIlustraciones.
_c21 cm.
650 _aLiteratura infantil
_9588
650 _aSiglo XXI
_925840
700 _aOmist, Alex
_925841
942 _2ddc
_cLIBROS
945 _aafb